Movies Quiz

Random Movies or Letter Quiz

James Bond Title Words per Letter Quiz Stats

 Plays Quiz Updated Oct 13, 2019

Score 0/20 Timer 01:30
1 Play Today
Letter Sample Word % Correct
DDr.
93.4%
AA
91.9%
TThunderball
89.5%
OOf
88.3%
LLive
86.8%
SSkyfall
84.2%
NNo
83.7%
GGoldfinger
83.2%
MMoonraker
80%
FFor
76.1%
Letter Sample Word % Correct
YYou
73.2%
QQuantum
72.4%
WWith
70.8%
KKill
67.4%
RRoyale
67%
CCasino
65.2%
VView
55.4%
HHer
47.8%
EEyes
44.8%
IIs
39.4%

You're not logged in!

Compare scores with friends on all Sporcle quizzes.
OR
Log In

Sporcle TV

Today on Sporcle TV


Watch our educational content, quiz creation guides, and fun videos on Sporcle TV.

Show Comments

Extras

Top Quizzes Today


Score Distribution

Your Account Isn't Verified!

In order to create a playlist on Sporcle, you need to verify the email address you used during registration. Go to your Sporcle Settings to finish the process.

Report this User

Report this user for behavior that violates our Community Guidelines.

Details: